| 000 | 00972nam a22003257a 4500 | ||
|---|---|---|---|
| 001 | BR9301226 | ||
| 003 | BR-BrBNA | ||
| 005 | 20230928093837.0 | ||
| 007 | ta | ||
| 008 | 230509b bl.||||| |||| 00| 0 por d | ||
| 040 |
_aBR-BrBNA _bpor _cBiblioteca Nacional de Agricultura |
||
| 041 | _a(Por) | ||
| 072 |
_aF01; F30; H20 _b0180 |
||
| 090 | _ 0180 BR9301226 | ||
| 110 | 1 |
_aInstituto de Pesquisas Agronomicas, Porto Alegre, RS (Brasil) _96134 |
|
| 111 | 1 |
_a5. Reuniao Anual Conjunta de Pesquisa de Trigo _cPorto Alegre, RS (Brazil) _d2-6 Apr 1973 |
|
| 245 | 1 | _aSumula da 5. Reuniao Anual Conjunta de Pesquisa de Trigo | |
| 260 | 3 |
_aPorto Alegre, RS (Brasil): _c1973. |
|
| 300 | _a118 p. | ||
| 500 | _aSummary only | ||
| 650 | _aTrigo | ||
| 650 | _aVariedade | ||
| 650 | _aPratica Cultural | ||
| 650 | _aHerbicida | ||
| 650 | _aDoenca de Planta | ||
| 650 | _aPraga de Planta | ||
| 650 | _aAdubacao | ||
| 909 |
_a202309 _bLucia _c55 _dLucia Elande |
||
| 942 | _cBK | ||
| 999 |
_c47452 _d47452 |
||